Gilmore Girls Random Fact Quiz (Spoilers) - Statistics

General Stats
  • This quiz has been taken 1,556 times
  • The average score is 13 of 15
Answer Stats
Hint Answer % Correct
Who was Rory's first Boyfriend? Dean
100%
What is the name of Rory's Stars Hollow best friend? Lane
99%
Who was Rory's second Boyfriends? Jess
98%
Who is Rory's enemy/friend at Chilton? Paris
97%
What is the name of the Town they live in? Stars Hollow
97%
Who is Rory's father? Christopher
96%
What is the name of Lorelai's best friend? Sookie
96%
Who was Rory's third Boyfriend? Logan
95%
What is Luke's last name? Danes
90%
What is the name of Luke's daughter? April
85%
What is the name of Lorelai's dog? Paul Anka
84%
What are the names of Lorelai's parents? Emily and Richard
83%
What is ^ band name? Hep Alien
65%
Where does Rory have her first kiss? Doose's Market
45%
What is the actor that plays Dean? Jared Padalecki
36%
No matching quizzes found
Score Distribution
Percent of People with Each Score
Percentile by Number Answered
Your Score History
You have not taken this quiz